[Event "SVK-chT1W 1920"]
[Site "Slovakia"]
[Date "2019.12.07"]
[Round "5.5"]
[White "Szitasi, Janos"]
[Black "Ruck, Tamas"]
[Result "1-0"]
[WhiteElo "1980"]
[BlackElo "2337"]
[PlyCount "77"]
[EventDate "2019.10.12"]
[EventType "team-tourn"]
[EventRounds "11"]
[EventCountry "SVK"]
[SourceTitle "CBM 193 Extra"]
[Source "ChessBase"]
[SourceDate "2020.01.31"]
[SourceVersion "1"]
[SourceVersionDate "2020.01.31"]
[SourceQuality "1"]
[WhiteTeam "Orechova Poton"]
[BlackTeam "Gabcikovo MSK"]
[WhiteTeamCountry "SVK"]
[BlackTeamCountry "SVK"]

1. e4 c5 2. Nf3 e6 3. d4 cxd4 4. Nxd4 a6 5. Be2 Nf6 6. Bf3 Qc7 7. 0-0 d6 8. b3 Nbd7 9. Bb2 Ne5 10. c4 b6 11. Nc3 Bb7 12. Re1 Be7 13. Qe2 h5 14. Qe3 g5 15. a4 Nfg4 16. Bxg4 hxg4 17. Nce2 Rh4 18. Ng3 0-0-0 19. a5 Rdh8 20. axb6 Qxb6 21. Nf1 Bf6 22. Bc3 Nd7 23. b4 Qc7 24. Rec1 Ne5 25. b5 Nxc4 26. Qe2 d5 27. g3 R4h6 28. bxa6 Ba8 29. Nb5 Qc5 30. Bxf6 Rxf6 31. e5 Rf3 32. Nd6+ Kd7 33. Nxc4 dxc4 34. Rxc4 Rxf2 35. Qxf2 Qxc4 36. Qxf7+ Kc6 37. Qf2 Rd8 38. Qe3 Rd3 39. Rc1 1-0

[Event "SVK-chT1W 1819"]
[Site "Slovakia"]
[Date "2018.10.28"]
[Round "2.6"]
[White "Szitasi, Janos"]
[Black "Sturc, Jan"]
[Result "1-0"]
[WhiteElo "1990"]
[BlackElo "1994"]
[PlyCount "123"]
[EventDate "2018.10.27"]
[EventType "team-tourn"]
[EventRounds "11"]
[EventCountry "SVK"]
[SourceTitle "CBM 187 Extra"]
[Source "ChessBase"]
[SourceDate "2018.11.04"]
[SourceVersion "1"]
[SourceVersionDate "2018.11.04"]
[SourceQuality "1"]
[WhiteTeam "Dunajska Streda"]
[BlackTeam "Bratislava Slovan II"]
[WhiteTeamCountry "SVK"]
[BlackTeamCountry "SVK"]

1. e4 c5 2. Nf3 Nc6 3. d4 cxd4 4. Nxd4 e5 5. Nb5 d6 6. N1c3 a6 7. Na3 Nge7 8. Nc4 Nd4 9. Ne2 Nec6 10. Nxd4 exd4 11. Be2 d5 12. exd5 Qxd5 13. 0-0 Bc5 14. Bf4 0-0 15. a3 Be6 16. Bc7 Qg5 17. Qd2 Qxd2 18. Nxd2 Rac8 19. Bf4 Rfd8 20. Bd3 Bd6 21. Bxd6 Rxd6 22. f4 Bd5 23. Rae1 g6 24. Re2 Re6 25. Rfe1 Ne7 26. g4 Rxe2 27. Rxe2 Kf8 28. Kf2 Be6 29. Kg3 Nd5 30. Nf3 Rd8 31. f5 Bc8 32. Nxd4 g5 33. Nf3 f6 34. Bc4 b5 35. Bb3 h5 36. Rd2 hxg4 37. Rxd5 Rxd5 38. Bxd5 gxf3 39. Be4 Ke7 40. Kxf3 Kd6 41. Bd3 Ke5 42. Kg4 a5 43. b3 Bd7 44. h4 gxh4 45. Kxh4 Bxf5 46. Bxb5 Bc8 47. Kg3 Ke4 48. Kf2 Bg4 49. b4 axb4 50. axb4 Bc8 51. Bf1 Kd5 52. Ke3 f5 53. Kf4 Bd7 54. Bd3 Be6 55. Bxf5 Bf7 56. Bd3 Be8 57. Ke3 Bd7 58. Ba6 Ba4 59. Kd3 Kc6 60. c4 Kb6 61. Bc8 Be8 62. Kd4 1-0

[Event "SVK-chT3A2 1819"]
[Site "Slovakia"]
[Date "2018.10.21"]
[Round "2.1"]
[White "Barca, Michal"]
[Black "Szitasi, Janos"]
[Result "0-1"]
[WhiteElo "1752"]
[BlackElo "1968"]
[PlyCount "58"]
[EventDate "2018.10.07"]
[EventType "team-tourn"]
[EventRounds "11"]
[EventCountry "SVK"]
[SourceTitle "EXT 2020"]
[Source "ChessBase"]
[SourceDate "2019.10.17"]
[SourceVersion "1"]
[SourceVersionDate "2019.10.17"]
[SourceQuality "1"]
[WhiteTeam "Hlohovec"]
[BlackTeam "Potonska Veza II"]
[WhiteTeamCountry "SVK"]
[BlackTeamCountry "SVK"]

1. c4 c5 2. Nc3 Nc6 3. Nf3 Nf6 4. g3 g6 5. d4 cxd4 6. Nxd4 Bg7 7. Bg2 0-0 8. 0-0 Qb6 9. Nf3 d6 10. Nd5 Nxd5 11. cxd5 Nb4 12. e4 Bd7 13. Be3 Qb5 14. Qd2 a5 15. Rfd1 Rfc8 16. Bf1 Qa4 17. Nd4 Na6 18. Bd3 Bxd4 19. Bxa6 Bxe3 20. Qxe3 Rxa6 21. Rd4 Qb5 22. e5 Rc4 23. Rd2 Qc5 24. Qg5 Rc1+ 25. Rd1 Rxa1 26. Rxa1 Qxd5 27. Qxe7 dxe5 28. Rc1 Bh3 29. Rc8+ Bxc8 0-1

[Event "SVK-chT3A2 1819"]
[Site "Slovakia"]
[Date "2018.10.07"]
[Round "1.6"]
[White "Harastova, Viera"]
[Black "Szitasi, Janos"]
[Result "0-1"]
[WhiteElo "1816"]
[BlackElo "1968"]
[PlyCount "112"]
[EventDate "2018.10.07"]
[EventType "team-tourn"]
[EventRounds "11"]
[EventCountry "SVK"]
[SourceTitle "EXT 2020"]
[Source "ChessBase"]
[SourceDate "2019.10.17"]
[SourceVersion "1"]
[SourceVersionDate "2019.10.17"]
[SourceQuality "1"]
[WhiteTeam "Skalica II"]
[BlackTeam "Potonska Veza II"]
[WhiteTeamCountry "SVK"]
[BlackTeamCountry "SVK"]

1. d4 d5 2. c4 e6 3. Nc3 Nf6 4. Bg5 Nbd7 5. e3 Be7 6. Nf3 b6 7. Be2 h6 8. Bh4 0-0 9. 0-0 Re8 10. Rc1 a6 11. a3 dxc4 12. Bxc4 b5 13. Ba2 c5 14. dxc5 Nxc5 15. b4 Ncd7 16. Bg3 Qb6 17. Qd4 Bb7 18. Qxb6 Nxb6 19. Nd4 Rac8 20. Nxe6 fxe6 21. Bxe6+ Kf8 22. Bxc8 Rxc8 23. Rfd1 Nc4 24. Nb1 Ke8 25. Rd4 Ne4 26. Rcd1 Bc6 27. Rc1 Bf6 28. Rdxc4 bxc4 29. Rxc4 Nxg3 30. hxg3 Bd7 31. Rxc8+ Bxc8 32. e4 Bd7 33. Kf1 Bb5+ 34. Ke1 Bd3 35. Nd2 Bc3 36. f3 Kd7 37. Kd1 Kc6 38. Nb3 Bf1 39. Nc5 a5 40. g4 axb4 41. axb4 Bc4 42. Kc2 Bxb4 43. Nd3 Bd6 44. Kc3 Ba6 45. Kd4 Bxd3 46. Kxd3 Kc5 47. Ke3 g5 48. e5 Bxe5 49. Ke4 Bg3 50. Kf5 Kd4 51. Kg6 Ke3 52. Kxh6 Kf4 53. Kg6 Be1 54. Kf6 Bd2 55. Kg6 Kg3 56. Kf5 Bf4 0-1

[Event "SVK-chT3A2 1718"]
[Site "Slovakia"]
[Date "2018.02.18"]
[Round "9.3"]
[White "Szitasi, Janos"]
[Black "Jancovicova, Petra"]
[Result "1-0"]
[WhiteElo "1965"]
[BlackElo "1686"]
[PlyCount "71"]
[EventDate "2017.10.08"]
[EventType "team-tourn"]
[EventRounds "11"]
[EventCountry "SVK"]
[SourceTitle "EXT 2020"]
[Source "ChessBase"]
[SourceDate "2019.10.17"]
[SourceVersion "1"]
[SourceVersionDate "2019.10.17"]
[SourceQuality "1"]
[WhiteTeam "Potonska Veza II"]
[BlackTeam "Vrbove"]
[WhiteTeamCountry "SVK"]
[BlackTeamCountry "SVK"]

1. e4 e5 2. Nf3 Nf6 3. Bc4 Nc6 4. Ng5 d5 5. exd5 Na5 6. Bb5+ c6 7. dxc6 bxc6 8. Be2 h6 9. Nf3 Bd6 10. d3 0-0 11. 0-0 Qc7 12. Nbd2 Bf5 13. c3 e4 14. dxe4 Nxe4 15. Nxe4 Bxe4 16. Qa4 Bd5 17. c4 Be6 18. c5 Be7 19. Bf4 Qd8 20. b4 Nb7 21. Qxc6 Bd5 22. Qa6 Qc8 23. Rad1 Qe6 24. Qxe6 fxe6 25. Be5 a5 26. a3 axb4 27. axb4 Ra2 28. Bd3 Bxf3 29. gxf3 Nd8 30. Be4 Nf7 31. Bc7 Ng5 32. Rd7 Bf6 33. b5 Nxe4 34. fxe4 Rc2 35. Bd6 Ra8 36. b6 1-0

[Event "SVK-chT3A2 1617"]
[Site "Slovakia"]
[Date "2016.10.30"]
[Round "2.6"]
[White "Szitasi, Janos"]
[Black "Mihalik, Marek"]
[Result "1/2-1/2"]
[WhiteElo "1981"]
[BlackElo "2045"]
[PlyCount "75"]
[EventDate "2016.10.16"]
[EventType "team-tourn"]
[EventRounds "11"]
[EventCountry "SVK"]
[SourceTitle "EXT 2020"]
[Source "ChessBase"]
[SourceDate "2019.10.17"]
[SourceVersion "1"]
[SourceVersionDate "2019.10.17"]
[SourceQuality "1"]
[WhiteTeam "Potonska Veza II"]
[BlackTeam "Piestany Kupele"]
[WhiteTeamCountry "SVK"]
[BlackTeamCountry "SVK"]

1. e4 c5 2. Nf3 d6 3. d4 cxd4 4. Nxd4 Nf6 5. Nc3 a6 6. Be2 e5 7. Nf3 Be7 8. 0-0 0-0 9. a4 b6 10. Re1 Qc7 11. Bg5 Nbd7 12. Nd5 Nxd5 13. Qxd5 Bxg5 14. Nxg5 Bb7 15. Qc4 Rac8 16. Qxc7 Rxc7 17. Bd1 d5 18. exd5 Bxd5 19. Ne4 f5 20. Nc3 Bb7 21. Be2 Nf6 22. Rad1 a5 23. Rd6 Ne4 24. Nxe4 Bxe4 25. Rxb6 Bxc2 26. Rb5 Bxa4 27. Rxa5 Bc2 28. Rxe5 Rb8 29. Bf3 Be4 30. Bxe4 fxe4 31. R5xe4 Rxb2 32. g3 h6 33. h4 Rcc2 34. Rf4 Rb5 35. Kg2 Ra5 36. Re7 Rc6 37. Rb7 Rg6 38. Rc7 1/2-1/2

[Event "SVK-chT2A 1617"]
[Site "Slovakia"]
[Date "2016.10.09"]
[Round "2.5"]
[White "Szitasi, Janos"]
[Black "Sosovicka, Jakub"]
[Result "1/2-1/2"]
[WhiteElo "1980"]
[BlackElo "1976"]
[PlyCount "139"]
[EventDate "2016.10.08"]
[EventType "team-tourn"]
[EventRounds "11"]
[EventCountry "SVK"]
[SourceTitle "CBM 175 Extra"]
[Source "ChessBase"]
[SourceDate "2016.12.12"]
[SourceVersion "1"]
[SourceVersionDate "2016.12.12"]
[SourceQuality "1"]
[WhiteTeam "Potonska Veza"]
[BlackTeam "Devinska Nova Ves II"]
[WhiteTeamCountry "SVK"]
[BlackTeamCountry "SVK"]

1. e4 c5 2. Nf3 d6 3. d4 cxd4 4. Nxd4 Nf6 5. Nc3 a6 6. Be2 e5 7. Nf3 Be7 8. 0-0 0-0 9. a4 h6 10. Bc4 Be6 11. Qe2 Qc7 12. Nd5 Nxd5 13. exd5 Bf5 14. Be3 Nd7 15. Rfc1 Rac8 16. b3 Nb6 17. Bxb6 Qxb6 18. c3 Qc5 19. Qe3 b5 20. axb5 axb5 21. Qxc5 Rxc5 22. Bf1 Rxd5 23. Ra5 Rb8 24. Ra7 Bd8 25. c4 Rc5 26. Rd1 Bb6 27. Ra6 Bc8 28. Ra2 bxc4 29. bxc4 Bc7 30. Ra7 Be6 31. Ra4 Rb2 32. h3 d5 33. cxd5 Rxd5 34. Rxd5 Bxd5 35. Ne1 e4 36. Rd4 Bb7 37. Rc4 Ba5 38. Rc1 Bd2 39. Rc2 Rxc2 40. Nxc2 Bc3 41. Bc4 Kf8 42. Ne3 Bd2 43. Bd5 Bxd5 44. Nxd5 Ke8 45. Kf1 Kd7 46. Nb6+ Ke6 47. Ke2 Bc1 48. Kd1 Bg5 49. Ke2 f5 50. Na4 Bf6 51. Nc5+ Kd5 52. Nb3 Bg5 53. Na1 f4 54. Nb3 Be7 55. Nd2 Bb4 56. Nf1 g5 57. Nh2 h5 58. Nf1 Kd4 59. Nh2 Ke5 60. Nf1 g4 61. hxg4 hxg4 62. Nh2 Kf5 63. Nf1 Kg5 64. g3 f3+ 65. Ke3 Kf5 66. Kd4 Be1 67. Ne3+ Kg5 68. Nd1 Kf5 69. Ne3+ Kg5 70. Nd1 1/2-1/2

[Event "SVK-chT4 A22 1415"]
[Site "Slovakia"]
[Date "2015.03.15"]
[Round "11.2"]
[White "Klanica, Anton"]
[Black "Szitasi, Janos"]
[Result "1/2-1/2"]
[WhiteElo "1803"]
[BlackElo "1943"]
[PlyCount "26"]
[EventDate "2014.10.12"]
[EventType "team-tourn"]
[EventRounds "11"]
[EventCountry "SVK"]
[SourceTitle "EXT 2019"]
[Source "ChessBase"]
[SourceDate "2018.10.10"]
[SourceVersion "1"]
[SourceVersionDate "2018.10.10"]
[SourceQuality "1"]

1. e4 c5 2. Nf3 d6 3. d4 cxd4 4. Nxd4 Nf6 5. f3 g6 6. c3 Bg7 7. Be3 Nc6 8. Qd2 Nxd4 9. Bxd4 0-0 10. Na3 a6 11. Be2 b5 12. 0-0 Bb7 13. Nc2 Qc7 1/2-1/2

[Event "SVK-chT4 A22 1415"]
[Site "Slovakia"]
[Date "2014.10.12"]
[Round "1.6"]
[White "Szitasi, Janos"]
[Black "Szekely, Stefan"]
[Result "1/2-1/2"]
[WhiteElo "1943"]
[BlackElo "1893"]
[PlyCount "34"]
[EventDate "2014.10.12"]
[EventType "team-tourn"]
[EventRounds "11"]
[EventCountry "SVK"]
[SourceTitle "EXT 2019"]
[Source "ChessBase"]
[SourceDate "2018.10.10"]
[SourceVersion "1"]
[SourceVersionDate "2018.10.10"]
[SourceQuality "1"]

1. e4 e6 2. d4 d5 3. exd5 exd5 4. Bd3 Nf6 5. Nf3 Be7 6. 0-0 Bg4 7. Bg5 Nbd7 8. Nbd2 c6 9. Re1 0-0 10. c3 b5 11. h3 Bh5 12. Qc2 Bg6 13. Bxg6 hxg6 14. Re2 Bd6 15. Rae1 Qc7 16. a4 a6 17. axb5 axb5 1/2-1/2

[Event "SVK-chT2A 1415"]
[Site "Slovakia"]
[Date "2014.10.11"]
[Round "1.7"]
[White "Vrtiakova, Anna"]
[Black "Szitasi, Janos"]
[Result "0-1"]
[WhiteElo "1966"]
[BlackElo "1943"]
[PlyCount "84"]
[EventDate "2014.10.11"]
[EventType "team-tourn"]
[EventRounds "11"]
[EventCountry "SVK"]
[SourceTitle "EXT 2016"]
[Source "ChessBase"]
[SourceDate "2015.10.08"]
[SourceVersion "1"]
[SourceVersionDate "2015.10.08"]
[SourceQuality "1"]
[WhiteTeam "Bratislava KSN"]
[BlackTeam "Potonska Veza"]
[WhiteTeamCountry "SVK"]
[BlackTeamCountry "SVK"]

1. e4 c5 2. Nf3 Nc6 3. Bb5 d6 4. 0-0 g6 5. c3 Qb6 6. Ba4 Bg7 7. d3 Bd7 8. Nbd2 Nf6 9. Re1 Qc7 10. Nf1 a6 11. Ng3 e5 12. d4 0-0 13. Bg5 h6 14. dxe5 dxe5 15. Bxf6 Bxf6 16. Nf1 b5 17. Bb3 c4 18. Bc2 Be6 19. Qc1 Kg7 20. Ne3 Rfd8 21. b3 cxb3 22. Bxb3 Bxb3 23. axb3 Ne7 24. Qc2 Bg5 25. Nxg5 hxg5 26. c4 Qc5 27. Rec1 bxc4 28. Nxc4 Nc6 29. Qb2 Qb5 30. h3 Nd4 31. b4 Rab8 32. Rab1 a5 33. Kh1 axb4 34. Ne3 Rd7 35. Nd5 b3 36. Nc3 Qd3 37. Ra1 Rbb7 38. Ra5 f6 39. f3 Rdc7 40. Rd5 Rxc3 41. Ra1 Qc2 42. Qb1 Qxb1+ 0-1

[Event "SVK-chT2A 1314"]
[Site "Slovakia"]
[Date "2014.01.12"]
[Round "6.8"]
[White "Szitasi, Janos"]
[Black "Matis, Tibor"]
[Result "1-0"]
[WhiteElo "1983"]
[BlackElo "1401"]
[PlyCount "115"]
[EventDate "2013.10.19"]
[EventType "team-tourn"]
[EventRounds "11"]
[EventCountry "SVK"]
[SourceTitle "EXT 2015"]
[Source "ChessBase"]
[SourceDate "2014.11.20"]
[SourceVersion "1"]
[SourceVersionDate "2014.11.20"]
[SourceQuality "1"]
[WhiteTeam "Potonska Veza"]
[BlackTeam "Dunajska Streda II"]
[WhiteTeamCountry "SVK"]
[BlackTeamCountry "SVK"]

1. e4 c5 2. Nf3 e6 3. d4 cxd4 4. Nxd4 Nc6 5. Nc3 Bb4 6. Ndb5 d6 7. a3 Bxc3+ 8. Nxc3 Nge7 9. Bf4 d5 10. exd5 Nxd5 11. Nxd5 exd5 12. Qd2 0-0 13. 0-0-0 d4 14. f3 Qd5 15. b3 b5 16. Bd3 a5 17. Be4 Qc5 18. Kb2 b4 19. axb4 axb4 20. Bxc6 Qxc6 21. Qxb4 Bf5 22. Qc4 Qxc4 23. bxc4 Rfd8 24. Ra1 Rac8 25. Ra5 Bg6 26. c5 d3 27. cxd3 Rxd3 28. Rha1 f6 29. Ra8 Rxa8 30. Rxa8+ Kf7 31. c6 Bf5 32. c7 Rd4 33. Bg3 Rc4 34. Rd8 g5 35. Rd5 Be6 36. Rd3 h5 37. Rc3 Rxc3 38. Kxc3 h4 39. Bd6 Ke8 40. Kd4 f5 41. Ke5 Kf7 42. h3 g4 43. Kf4 gxf3 44. gxf3 Kf6 45. Bc5 Kg6 46. Bf2 Kh5 47. Ke5 Bc8 48. f4 Kg6 49. Bxh4 Kf7 50. Bg5 Kg6 51. h4 Kf7 52. h5 Kg7 53. Kd6 Kf7 54. h6 Kf8 55. Bf6 Kg8 56. Ke7 Kh7 57. Bg5 Kg6 58. Kd8 1-0

[Event "SVK-chT2A 1314"]
[Site "Slovakia"]
[Date "2014.01.11"]
[Round "5.7"]
[White "Polacik, Igor"]
[Black "Szitasi, Janos"]
[Result "1-0"]
[WhiteElo "2168"]
[BlackElo "1983"]
[PlyCount "75"]
[EventDate "2013.10.19"]
[EventType "team-tourn"]
[EventRounds "11"]
[EventCountry "SVK"]
[SourceTitle "EXT 2015"]
[Source "ChessBase"]
[SourceDate "2014.11.20"]
[SourceVersion "1"]
[SourceVersionDate "2014.11.20"]
[SourceQuality "1"]
[WhiteTeam "Bratislava Doprastav III"]
[BlackTeam "Potonska Veza"]
[WhiteTeamCountry "SVK"]
[BlackTeamCountry "SVK"]

1. e4 c5 2. Nf3 d6 3. c4 Nc6 4. Be2 Nf6 5. Nc3 g6 6. d4 cxd4 7. Nxd4 Bg7 8. Be3 0-0 9. 0-0 Bd7 10. Qd2 Rc8 11. Nxc6 Bxc6 12. f3 b6 13. Rfd1 Qc7 14. Rac1 Qb7 15. Bf1 Rfe8 16. Ne2 Rc7 17. Nd4 Rec8 18. Nxc6 Rxc6 19. b3 Nd7 20. Qf2 Ne5 21. Be2 Nd7 22. f4 h5 23. Bf3 e5 24. f5 Nf6 25. Qh4 Nh7 26. Qg3 Nf8 27. Bxh5 gxh5 28. f6 Ng6 29. fxg7 Kxg7 30. Qf3 Qe7 31. Qxh5 Rh8 32. Qg5 Qxg5 33. Bxg5 Rh5 34. Bd2 Kf6 35. g3 Ke6 36. Rc3 Rc7 37. Rd3 a5 38. Bc1 1-0

[Event "SVK-chT3A2 1213"]
[Site "Slovakia"]
[Date "2013.03.24"]
[Round "11.2"]
[White "Markuliak, Mario"]
[Black "Szitasi, Janos"]
[Result "1/2-1/2"]
[WhiteElo "1808"]
[BlackElo "1963"]
[PlyCount "89"]
[EventDate "2012.10.07"]
[EventType "team-tourn"]
[EventRounds "11"]
[EventCountry "SVK"]
[SourceTitle "EXT 2015"]
[Source "ChessBase"]
[SourceDate "2014.11.20"]
[SourceVersion "1"]
[SourceVersionDate "2014.11.20"]
[SourceQuality "1"]
[WhiteTeam "Cifer"]
[BlackTeam "Potonska Veza"]
[WhiteTeamCountry "SVK"]
[BlackTeamCountry "SVK"]

1. c4 c5 2. Nf3 Nc6 3. d4 cxd4 4. Nxd4 Nf6 5. Nc3 g6 6. e4 d6 7. Be3 Bg7 8. Be2 0-0 9. 0-0 Bd7 10. Nb3 Be6 11. Rc1 Na5 12. Nd2 Rc8 13. b3 Nc6 14. f4 Qa5 15. Na4 Nd7 16. Nf3 Nc5 17. Nxc5 dxc5 18. e5 Rfd8 19. Qc2 Bf5 20. Qb2 f6 21. Bd2 Qb6 22. Bc3 Nd4 23. Rfd1 Nxe2+ 24. Qxe2 Rxd1+ 25. Rxd1 Rd8 26. Kf2 Qc7 27. h3 Rxd1 28. Qxd1 Qd7 29. Qxd7 Bxd7 30. g4 Kf7 31. exf6 exf6 32. Nd2 Bc6 33. Ke3 Bf8 34. Ne4 Be7 35. a3 Ke6 36. b4 b6 37. b5 Bb7 38. a4 Bxe4 39. Kxe4 f5+ 40. Ke3 Bf6 41. Bd2 h6 42. gxf5+ gxf5 43. a5 Kd6 44. a6 Ke6 45. Kf3 1/2-1/2

[Event "SVK-chT3A2 1213"]
[Site "Slovakia"]
[Date "2013.02.24"]
[Round "9.1"]
[White "Skapik, Branislav"]
[Black "Szitasi, Janos"]
[Result "0-1"]
[WhiteElo "1857"]
[BlackElo "1963"]
[PlyCount "52"]
[EventDate "2012.10.07"]
[EventType "team-tourn"]
[EventRounds "11"]
[EventCountry "SVK"]
[SourceTitle "EXT 2015"]
[Source "ChessBase"]
[SourceDate "2014.11.20"]
[SourceVersion "1"]
[SourceVersionDate "2014.11.20"]
[SourceQuality "1"]
[WhiteTeam "Senica CVC"]
[BlackTeam "Potonska Veza"]
[WhiteTeamCountry "SVK"]
[BlackTeamCountry "SVK"]

1. c4 c5 2. Nc3 Nc6 3. g3 g6 4. Bg2 Bg7 5. d3 Nf6 6. Nf3 0-0 7. 0-0 d6 8. Rb1 e6 9. Be3 Qe7 10. Qc1 Rd8 11. Bg5 d5 12. e4 d4 13. e5 dxc3 14. Qxc3 Nxe5 15. Nxe5 h6 16. Be3 Ng4 17. d4 cxd4 18. Bxd4 Rxd4 19. Qxd4 Nxe5 20. Qe4 Nc6 21. Rfd1 e5 22. Rbc1 Be6 23. Rd2 Rb8 24. Qe3 Nd4 25. Bd5 Bxd5 26. cxd5 Qd6 0-1

[Event "SVK-chT3A2 1213"]
[Site "Slovakia"]
[Date "2012.11.18"]
[Round "4.4"]
[White "Szitasi, Janos"]
[Black "Gajarsky, Roman"]
[Result "1/2-1/2"]
[WhiteElo "1963"]
[BlackElo "1873"]
[PlyCount "28"]
[EventDate "2012.10.07"]
[EventType "team-tourn"]
[EventRounds "11"]
[EventCountry "SVK"]
[SourceTitle "EXT 2015"]
[Source "ChessBase"]
[SourceDate "2014.11.20"]
[SourceVersion "1"]
[SourceVersionDate "2014.11.20"]
[SourceQuality "1"]
[WhiteTeam "Potonska Veza"]
[BlackTeam "Hlohovec SK Zentiva"]
[WhiteTeamCountry "SVK"]
[BlackTeamCountry "SVK"]

1. e4 e5 2. Nf3 Nc6 3. Bb5 a6 4. Ba4 Nf6 5. 0-0 Be7 6. d3 b5 7. Bb3 d6 8. c3 Bg4 9. h3 Be6 10. Re1 h6 11. d4 exd4 12. cxd4 Bxb3 13. Qxb3 d5 14. exd5 Qxd5 1/2-1/2

[Event "Lakitelek Magyarok op"]
[Site "Lakitelek"]
[Date "2011.08.14"]
[Round "9"]
[White "Szitasi, Janos"]
[Black "Csuri, Szilveszter"]
[Result "0-1"]
[WhiteElo "2009"]
[BlackElo "2043"]
[PlyCount "94"]
[EventDate "2011.08.06"]
[EventType "swiss"]
[EventRounds "9"]
[EventCountry "HUN"]
[SourceTitle "CBM 144 Extra"]
[Source "ChessBase"]
[SourceDate "2011.10.28"]
[SourceVersion "1"]
[SourceVersionDate "2011.10.28"]
[SourceQuality "1"]

1. e4 c5 2. Nc3 Nc6 3. g3 g6 4. Bg2 Bg7 5. d3 d6 6. Be3 Rb8 7. a4 a6 8. Rb1 Bd7 9. Qd2 Nd4 10. f4 Qa5 11. Nge2 e6 12. b3 h5 13. h3 Ne7 14. 0-0 Nec6 15. Kh2 0-0 16. Rfe1 b5 17. axb5 axb5 18. Rbc1 Ra8 19. Nd1 b4 20. Bf2 Qb6 21. Ne3 Ra2 22. Nc4 Qc7 23. Nxd4 Nxd4 24. Qd1 Nxb3 25. Rb1 Nd4 26. e5 d5 27. Bxd4 cxd4 28. Nd6 Rb8 29. Re2 Bf8 30. Ra1 Ra3 31. Rb1 Bxd6 32. exd6 Qxd6 33. Re5 f6 34. Re1 Kf7 35. Bf3 Rh8 36. Qd2 Rc3 37. Rb2 h4 38. Rg1 e5 39. fxe5 Qxe5 40. Rg2 hxg3+ 41. Kg1 Rxh3 42. Rxb4 Rh2 43. Rb2 Bc6 44. Ra2 Qe3+ 45. Qxe3 dxe3 46. Rxh2 gxh2+ 47. Kxh2 Ke6 0-1

[Event "Lakitelek Magyarok op"]
[Site "Lakitelek"]
[Date "2011.08.13"]
[Round "8"]
[White "Marta, Dominik"]
[Black "Szitasi, Janos"]
[Result "1/2-1/2"]
[WhiteElo "1839"]
[BlackElo "2009"]
[PlyCount "107"]
[EventDate "2011.08.06"]
[EventType "swiss"]
[EventRounds "9"]
[EventCountry "HUN"]
[SourceTitle "CBM 144 Extra"]
[Source "ChessBase"]
[SourceDate "2011.10.28"]
[SourceVersion "1"]
[SourceVersionDate "2011.10.28"]
[SourceQuality "1"]

1. d4 d5 2. Nf3 Nf6 3. e3 e6 4. Bd3 Bd6 5. 0-0 0-0 6. Nbd2 b6 7. b3 Bb7 8. Ne5 c5 9. Bb2 Nc6 10. a3 cxd4 11. exd4 Qc7 12. Re1 Ne7 13. c4 Ng6 14. Rc1 Qe7 15. b4 dxc4 16. Ndxc4 Nf4 17. f3 Nxd3 18. Qxd3 Nd5 19. b5 a6 20. Nc6 Bxc6 21. Nxd6 Qxd6 22. Rxc6 Qd7 23. Rec1 axb5 24. Qxb5 Ra5 25. Qc4 h6 26. Qe2 Qb7 27. Qe5 Qb8 28. Qe2 Qf4 29. Qc2 h5 30. Rc8 Ra8 31. Rxf8+ Rxf8 32. Re1 Qc7 33. Qb3 Ra8 34. Rc1 Qd7 35. Qc2 Qa4 36. Qc4 Qxc4 37. Rxc4 Kf8 38. Kf2 Ke7 39. g3 Kd7 40. Ke2 Ra5 41. Kd3 Rb5 42. Bc1 Rb3+ 43. Ke2 Rc3 44. Rxc3 Nxc3+ 45. Kd3 Nd5 46. g4 hxg4 47. fxg4 f6 48. h4 Kd6 49. g5 fxg5 50. Bxg5 b5 51. h5 e5 52. dxe5+ Kxe5 53. h6 gxh6 54. Bxh6 1/2-1/2

[Event "Lakitelek Magyarok op"]
[Site "Lakitelek"]
[Date "2011.08.08"]
[Round "3"]
[White "Szitasi, Janos"]
[Black "Domany, Zsofia"]
[Result "1/2-1/2"]
[WhiteElo "2009"]
[BlackElo "2199"]
[PlyCount "80"]
[EventDate "2011.08.06"]
[EventType "swiss"]
[EventRounds "9"]
[EventCountry "HUN"]
[SourceTitle "CBM 144 Extra"]
[Source "ChessBase"]
[SourceDate "2011.10.28"]
[SourceVersion "1"]
[SourceVersionDate "2011.10.28"]
[SourceQuality "1"]

1. e4 c5 2. Nc3 Nc6 3. d3 d6 4. g3 g6 5. Bg2 Bg7 6. Nge2 Nd4 7. 0-0 e6 8. Be3 Ne7 9. Qd2 0-0 10. Rac1 Qa5 11. Nxd4 cxd4 12. Nd5 Nc6 13. Qxa5 Nxa5 14. Bd2 Nc6 15. Nb4 Bd7 16. Nxc6 bxc6 17. c4 dxc3 18. Bxc3 Bh6 19. Rcd1 Rab8 20. d4 Rfd8 21. b3 Bg7 22. Ba5 Rdc8 23. Bh3 Rb5 24. b4 Rb7 25. Rfe1 c5 26. dxc5 dxc5 27. Bf1 Bb5 28. bxc5 Bxf1 29. Kxf1 Rb5 30. Bd2 Rbxc5 31. Be3 R5c7 32. Rd6 Bc3 33. Red1 a5 34. Bh6 Re8 35. Rd8 Rc8 36. Rxc8 Rxc8 37. Rc1 Rc7 38. Bd2 Be5 39. Rxc7 Bxc7 40. Ke2 f5 1/2-1/2

[Event "SVK-chT3A2 1011"]
[Site "Slovakia"]
[Date "2011.02.27"]
[Round "9.3"]
[White "Szitasi, Janos"]
[Black "Kubis, Ivan"]
[Result "1-0"]
[WhiteElo "2020"]
[BlackElo "1980"]
[PlyCount "120"]
[EventDate "2010.10.17"]
[EventType "team-tourn"]
[EventRounds "11"]
[EventCountry "SVK"]
[SourceTitle "EXT 2019"]
[Source "ChessBase"]
[SourceDate "2018.10.10"]
[SourceVersion "1"]
[SourceVersionDate "2018.10.10"]
[SourceQuality "1"]
[WhiteTeam "Potonska Veza"]
[BlackTeam "Skalica"]
[WhiteTeamCountry "SVK"]
[BlackTeamCountry "SVK"]

1. e4 e5 2. Nf3 Nc6 3. Bc4 Nf6 4. Ng5 d5 5. exd5 Na5 6. Bb5+ c6 7. dxc6 bxc6 8. Be2 h6 9. Nf3 e4 10. Ne5 Bd6 11. d4 exd3 12. Nxd3 Qc7 13. h3 0-0 14. 0-0 Bf5 15. Nd2 c5 16. b3 Rad8 17. Bb2 Nd5 18. Nc4 Nxc4 19. bxc4 Nb6 20. Bg4 Bg6 21. Qf3 Nxc4 22. Bc3 Na3 23. Bf5 Nb5 24. Bb2 Bxf5 25. Qxf5 Rfe8 26. Rfe1 Nd4 27. Qg4 f5 28. Qh5 Qf7 29. Qxf7+ Kxf7 30. Bxd4 cxd4 31. Rxe8 Rxe8 32. Rb1 Rc8 33. Rb7+ Rc7 34. Rxc7+ Bxc7 35. Kf1 Ke6 36. Ke2 Kd5 37. Nb2 Ke4 38. Nc4 g5 39. Nd2+ Kd5 40. Kd3 Bd6 41. Nc4 Bb4 42. Nb2 h5 43. f3 Bc3 44. Nd1 Ba1 45. Nf2 Ke5 46. h4 gxh4 47. Nh3 Bc3 48. f4+ Kd5 49. Ng5 Ba5 50. Nf3 h3 51. gxh3 Bb6 52. Nh4 Bd8 53. Nxf5 Bf6 54. Ng3 h4 55. Ne4 Be7 56. Ng5 Bd6 57. Nf3 Be7 58. Nxd4 Bf6 59. Nb3 Bb2 60. c4+ Kc6 1-0